000 00347 a2200157 4500
001 151502
040 _cEscola São Tomás de Aquino
100 _aSOUZA, Angela Leite de
240 1 0 _aTudo pode ser brinquedo
_lpor
245 1 0 _aTudo pode ser brinquedo
300 _a31
362 0 _a1992
440 1 _a
697 _aPoesia
942 _cBK
999 _c151502
_d151502